Central Library OPAC University of Rajshahi

Sentencing in Magistrates' Courts : (Record no. 46695)

MARC details
000 -LEADER
fixed length control field 01181nam a2200289 a 4500
001 - CONTROL NUMBER
control field 46695
003 - CONTROL NUMBER IDENTIFIER
rucl marc code BD-RjUL
005 - DATE AND TIME OF LATEST TRANSACTION
control field 20211209054206.0
008 - FIXED-LENGTH DATA ELEMENTS--GENERAL INFORMATION
fixed length control field 160803s1962 enka b 001 0 eng d
035 ## - SYSTEM CONTROL NUMBER
System control number (BD-RjUL)46814
040 ## - CATALOGING SOURCE
Original cataloging agency VSC
Language of cataloging eng
Transcribing agency VSC
Modifying agency VSC
041 ## - LANGUAGE CODE
Language code of text/sound track or separate title eng
082 04 - DEWEY DECIMAL CLASSIFICATION NUMBER
Classification number 345.410772
Edition number 23
Author mark and year HOS 1965
100 1# - MAIN ENTRY--PERSONAL NAME
Personal name Hood, Roger,
Dates associated with a name 1936-
9 (RLIN) 142341
245 10 - TITLE STATEMENT
Title Sentencing in Magistrates' Courts :
Remainder of title a study in variations of policy /
Statement of responsibility, etc. Roger Hood ; with an introduction by Hermann Mannheim.
260 ## - PUBLICATION, DISTRIBUTION, ETC. (IMPRINT)
Place of publication, distribution, etc. London :
Name of publisher, distributor, etc. Stevens & Sons,
Date of publication, distribution, etc. 1962.
300 ## - PHYSICAL DESCRIPTION
Pagination xxiii, 145 p. :
Illustrations ill. ;
Size 23 cm.
500 ## - GENERAL NOTE
General note "Published under the auspices of the Institute for the Study and Treatment of Delinquency".
General note Includes index.
504 ## - BIBLIOGRAPHY, ETC. NOTE
Bibliography, etc Bibliography: p. 141-142.
650 #0 - SUBJECT ADDED ENTRY--TOPICAL TERM
Topical term or geographic name as entry element Criminal justice, Administration of
Geographic subdivision Great Britain.
9 (RLIN) 141224
Topical term or geographic name as entry element Magistrates
Geographic subdivision Great Britain.
9 (RLIN) 142105
Topical term or geographic name as entry element Sentences (Criminal procedure)
Geographic subdivision Great Britain.
9 (RLIN) 142343
710 2# - ADDED ENTRY--CORPORATE NAME
Corporate name or jurisdiction name as entry element Institute for the Study and Treatment of Delinquency (Great Britain)
9 (RLIN) 142344
942 ## - ADDED ENTRY ELEMENTS (KOHA)
Source of classification or shelving scheme Dewey Decimal Classification
Koha item type Books
Holdings
Lost status Source of classification or shelving scheme Damaged status Not for loan Collection code Permanent Location Current Location Shelving location Date acquired Source of acquisition Cost, normal purchase price Total Checkouts Full call number Date last seen Copy number Koha item type
  Dewey Decimal Classification     Non-fiction Central Library, University of Rajshahi Central Library, University of Rajshahi   18/07/1968 Zeitlinger 22.00   345.410772 HOS 1965 03/08/2016 C-2 Books
  Dewey Decimal Classification     Non-fiction Central Library, University of Rajshahi Central Library, University of Rajshahi   18/07/1968 Zeitlinger 22.00   345.410772 HOS 1965 03/08/2016 C-3 Books